|
|
|
|
| LEADER |
00000nam a2200000 a 4500 |
| 001 |
vtls001124784 |
| 003 |
SK-MaSNL |
| 005 |
20260302064355.0 |
| 008 |
240318s1754 au i 10 lat |
| 035 |
|
|
|a SNK000067629
|
| 040 |
|
|
|a SNK
|b slo
|c SNK
|e AACR2
|
| 041 |
0 |
|
|a lat
|
| 044 |
|
|
|a at
|c AT
|
| 100 |
1 |
|
|a Timon, Samuel,
|d 1675-1736
|4 aut
|9 106086
|
| 245 |
1 |
0 |
|a Imago Novae Hungariae, Repraesentans Regna, Provincias, Banatus, Et Comitatus Ditionis Hungaricae
|b Historico genere strictim perscripta...
|c Samuel Timon
|
| 260 |
|
|
|a Viennae-Austriae
|b Joan. Thomae Tratner
|c 1754
|
| 300 |
|
|
|a [6], 138, [13] s.
|c 8°
|
| 500 |
|
|
|a Prídavok: Additamentum ad imagines antiquae, ...
|
| 501 |
|
|
|a Prív. 1. k: TIMON, Samuel. Imago Antiquae Hungariae... Viennae : Joannis Thomae Trattner, 1754.
|5 SNMK : 0133032714
|
| 958 |
|
|
|a ONDV
|
| 958 |
|
|
|a RK
|
| 999 |
|
|
|c 1137310
|d 1139240
|
| 952 |
|
|
|t P60, <03>, [BOOK], {603}
|a SNK
|b SNK
|y PREZ
|7 0
|o snkSC 8963/2
|i snk3847/57
|0 0
|1 0
|4 0
|d 1996-01-09
|l 0
|r 2004-12-31 00:00:00
|w 2026-02-24
|